000 00507nam a2200169Ia 4500
005 20250508155501.0
008 008 250505s9999 xx 000 0 eng d
037 _aBooks to be hide in OPAC
040 _aFEDL
_beng
_cFEDL
041 _aeng
_2eng
084 _a379.14, JAI/O
_qFEDL
245 0 _aEducation code of the Jaipur state 1938
260 _aAllahabad, India
_bThe Allahabad Law Journal Press
_c1938
300 _a182p.
942 _cHB
_h379.14, JAI/O
999 _c1357220
_d1357220